| 000 | 02002cam a22005414i 4500 | ||
|---|---|---|---|
| 003 | PE-LiUPU | ||
| 005 | 20250731180142.0 | ||
| 008 | 150706s r 000 0 d | ||
| 020 | _a8479787368 | ||
| 035 | _a(Sirsi) i9788479787363 | ||
| 040 |
_aPE-LiUPU _bspa _cPE-LiUPU _erda |
||
| 049 | _aPRUA | ||
| 082 | 0 | 4 |
_a519.22 _bT7 _221 |
| 245 | 0 | 1 |
_aTratamiento de datos / _cCástor Guisande González. [et al.]. |
| 264 | 1 |
_a[Madrid] : _bDíaz de los Santos, _c[2006]. |
|
| 300 |
_a356 páginas : _bilustraciones, gráf ; _c24 centímetros |
||
| 300 | _aCD-ROM | ||
| 336 |
_atext _2rdacontent |
||
| 337 |
_aunmediated _2rdamedia |
||
| 338 |
_avolume _2rdacarrier |
||
| 504 | _aIncluye bibliografía. | ||
| 505 | 0 | _aRepresentación de datos -- Estadística descriptiva -- Distribución -- Intervalos de confianza -- Contraste de hipótesis -- Contraste de hipótesis en variables cualitativas -- Contraste de hipótesis en variables cuantitativas -- Regresiones -- Análisis multivariante -- Modelos de simulación. | |
| 526 | _aSEG44 | ||
| 526 | _aSEG26 | ||
| 526 | _aP159 | ||
| 526 | _aP155 | ||
| 526 | _aP154 | ||
| 526 | _aP153 | ||
| 526 | _aP150 | ||
| 526 | _aP100 | ||
| 526 | _aP31 | ||
| 526 | _aP30 | ||
| 526 | _aP26 | ||
| 526 | _aP25 | ||
| 526 | _aP24 | ||
| 526 | _aP22 | ||
| 526 | _aP15 | ||
| 526 | _aP10 | ||
| 541 | _g015-0011404; | ||
| 650 | 0 | 4 |
_aEstadística matemática. _91317 |
| 700 | 1 |
_aGuisande González, Cástor, _eautor. |
|
| 910 |
_agl _bjv _clch _d20100412 |
||
| 942 |
_2ddc _cBOOK |
||
| 949 |
_a519.22 T7 _wDEWEY _c1 _i61305 _lCCODEBUL1 _mBUL _p63.00 _r0 _sY _tBOOK _u2015-7-6 _xINGENIERIA _zUNKNOWN _0COMPRA _o.STAFF. Colección General |
||
| 994 |
_aC0 _bPEPRU |
||
| 596 | _a1 | ||
| 999 |
_a519.22 T7 _wDEWEY _c50564 _i61305 _d50564 _e2017-8-31 _f2021-11-5 _g7 _lCCODEBUL1 _mBUL _n4 _p63.00 _r0 _sY _tBOOK _u2015-7-6 _xBIBLIOTECA _PP27 _0COMPRA _o.STAFF. Colección General |
||
| 980 |
_81 _gALBERTO SANCHEZ Responsable de Automatización |
||